Human resources Management : A General Manager's Perspective, Text and Cases. (Record no. 2082)

MARC details
005 - DATE AND TIME OF LATEST TRANSACTION
control field 20250507100702.0
020 ## - INTERNATIONAL STANDARD BOOK NUMBER
International Standard Book Number 0-02-902360-2
082 ## - DEWEY DECIMAL CLASSIFICATION NUMBER
Classification number 658.3 BEE
100 ## - MAIN ENTRY--PERSONAL NAME
Author name BEER, M.
245 ## - TITLE STATEMENT
Title Human resources Management : A General Manager's Perspective, Text and Cases.
260 ## - PUBLICATION, DISTRIBUTION, ETC.
Place of publication, distribution, etc. New York,
Name of publisher, distributor, etc. The Free Press,
Date of publication, distribution, etc. 1965.
300 ## - PHYSICAL DESCRIPTION
Extent Xiv, 786p.: ill.; figure
Other physical details Index
Dimensions 24cm.
700 ## - ADDED ENTRY--PERSONAL NAME
Other authors/Editors SPECTOR, B. et all..
942 ## - ADDED ENTRY ELEMENTS (KOHA)
Source of classification or shelving scheme Dewey Decimal Classification
Koha item type Books
Holdings
Date last seen Total checkouts Full call number Barcode Cost, replacement price Price effective from Koha item type Lost status Source of classification or shelving scheme Damaged status Not for loan Withdrawn status Home library Current library Shelving location Date acquired Cost, normal purchase price
05/07/2025   658.3 BEE 0000007958 30000.00 05/07/2025 Books   Dewey Decimal Classification       College of Business Education Main Library College of Business Education Main Library General Collection 11/24/1988 10000.00